00873nam a2200193 4500008004100000020001800041082001300059110003900072245008800111260007000199300003800269650006900307650004200376710002000418856012600438942000700564952009300571999001500664240216b |||||||| |||| 00| 0 eng d a9789221329954 a331bINT a International Labour Organization aFuture of Work in Sri Lanka: bShaping technology transitions for a brighter future aColombo:bILO Country Office for Sri Lanka and the Maldivesc2019 axiv, 80 p. : ill. (color) ; 30 cm aLabor supply--Effect of technological innovations on--Sri Lanka  aTechnological unemployment--Sri Lanka aTANDEM Research uhttps://researchrepository.ilo.org/esploro/outputs/book/Future-of-work-in-Sri-Lanka/995219354202676/filesAndLinks?index=0 cRP 00102ddc4070aMAINbMAINd2024-02-16l0o331 INTpRAF5030r2024-02-16w2024-02-16yRP c4747d4747